Southville International School and Colleges
Your cart is empty.
  • Cart
  • Lists
    Public lists Eva Luna New books Lux_list list_1
    Your lists Log in to create your own lists
  • Log in to your account
  • Your cookies
  • Search history
Southville International School and Colleges
  • Advanced search
  • Recent comments
  • Most popular
  • Libraries

Log in to your account

Log in with GOOGLE


If you do not have an external account, but do have a local account, you can still log in:

  1. Home
  2. MARC view: Maze :
Normal view MARC view ISBD view

Maze : (Record no. 20170)

[ view plain ]
MARC details
000 -LEADER
fixed length control field 00444nam a2200169 a 4500
005 - DATE AND TIME OF LATEST TRANSACTION
control field 20140310183212.0
008 - FIXED-LENGTH DATA ELEMENTS--GENERAL INFORMATION
fixed length control field 030421s19uu xx 00 eng d
020 ## - INTERNATIONAL STANDARD BOOK NUMBER
International Standard Book Number 0671665472
050 ## - LIBRARY OF CONGRESS CALL NUMBER
Classification number PS 3553.047487
Item number .M3 1989
100 ## - MAIN ENTRY--PERSONAL NAME
Personal name Collins, Larry
245 ## - TITLE STATEMENT
Title Maze :
Remainder of title a novel /
Statement of responsibility, etc Larry Collins.
260 ## - PUBLICATION, DISTRIBUTION, ETC. (IMPRINT)
Place of publication, distribution, etc New York ;
Name of publisher, distributor, etc Simon and Schuster,
Date of publication, distribution, etc 1989.
300 ## - PHYSICAL DESCRIPTION
Extent 432 p. :
Dimensions 24 cm.
650 ## - SUBJECT ADDED ENTRY--TOPICAL TERM
Topical term or geographic name as entry element Novel.
942 ## - ADDED ENTRY ELEMENTS (KOHA)
Koha item type Books
Source of classification or shelving scheme Library of Congress Classification
Holdings
Withdrawn status Lost status Source of classification or shelving scheme Damaged status Home library Current library Shelving location Date acquired Total Checkouts Full call number Barcode Date last seen Copy number Price effective from Koha item type
    Library of Congress Classification   College Library College Library Fiction Section 12/17/2004   PS 3553.047487 .M3 1989 C2377 05/08/2018 1 10/10/2013 Books

Maze :

APA

Collins L., . (1989). Maze. New York: Simon and Schuster.

Chicago

Collins Larry, . 1989. Maze. New York: Simon and Schuster.

Harvard

Collins L., . (1989). Maze. New York: Simon and Schuster.

MLA

Collins Larry, . Maze. New York: Simon and Schuster. 1989.

  • Place hold
  • Print
  • Cite
  • Add to your cart (remove)
  • Save record
    BIBTEX Dublin Core MARCXML MARC (non-Unicode/MARC-8) MARC (Unicode/UTF-8) MARC (Unicode/UTF-8, Standard) MODS (XML) RIS
  • More searches
    Search for this title in:
    Other Libraries (WorldCat) Other Databases (Google Scholar) Online Stores (Bookfinder.com) Open Library (openlibrary.org)

Exporting to Dublin Core...

SOUTHVILLE LIBRARY

Southville International School and Colleges Library

1281 Tropical Ave. Cor. Luxembourg St., BF Homes International, Las Pinas City

Tel. No. 8256374 / 252358 Loc. 117/146

Powered by Koha